<?xml version="1.0" encoding="UTF-8"?>
<collection xmlns="http://www.loc.gov/MARC21/slim">
 <record>
  <leader>02810cam a2200589  b4500</leader>
  <controlfield tag="001">1324726679</controlfield>
  <controlfield tag="003">DE-627</controlfield>
  <controlfield tag="005">20240314200557.0</controlfield>
  <controlfield tag="007">tu</controlfield>
  <controlfield tag="008">060623s2005    xx |||||      00| ||ger c</controlfield>
  <datafield tag="020" ind1=" " ind2=" ">
   <subfield code="a">3906393372</subfield>
   <subfield code="c">3-0340-0804-3</subfield>
   <subfield code="9">3-906393-37-2</subfield>
  </datafield>
  <datafield tag="035" ind1=" " ind2=" ">
   <subfield code="a">(DE-627)1324726679</subfield>
  </datafield>
  <datafield tag="035" ind1=" " ind2=" ">
   <subfield code="a">(DE-576)254726674</subfield>
  </datafield>
  <datafield tag="035" ind1=" " ind2=" ">
   <subfield code="a">(DE-599)BSZ254726674</subfield>
  </datafield>
  <datafield tag="035" ind1=" " ind2=" ">
   <subfield code="a">(OCoLC)181458047</subfield>
  </datafield>
  <datafield tag="035" ind1=" " ind2=" ">
   <subfield code="a">(OCoLC)181458047</subfield>
  </datafield>
  <datafield tag="040" ind1=" " ind2=" ">
   <subfield code="a">DE-627</subfield>
   <subfield code="b">ger</subfield>
   <subfield code="c">DE-627</subfield>
   <subfield code="e">rakwb</subfield>
  </datafield>
  <datafield tag="041" ind1=" " ind2=" ">
   <subfield code="a">ger</subfield>
  </datafield>
  <datafield tag="084" ind1=" " ind2=" ">
   <subfield code="a">9,10</subfield>
   <subfield code="2">ssgn</subfield>
  </datafield>
  <datafield tag="100" ind1="1" ind2=" ">
   <subfield code="a">Tisa Francini, Esther</subfield>
   <subfield code="d">1972-</subfield>
   <subfield code="0">(DE-588)123280702</subfield>
   <subfield code="0">(DE-627)510693466</subfield>
   <subfield code="0">(DE-576)183489802</subfield>
   <subfield code="4">aut</subfield>
  </datafield>
  <datafield tag="245" ind1="1" ind2="0">
   <subfield code="a">Liechtenstein und der internationale Kunstmarkt 1933 - 1945</subfield>
   <subfield code="b">Sammlungen und ihre Provenienzen im Spannungsfeld von Flucht, Raub und Restitution; Studie im Auftrag der Unabhängigen Historikerkommission Liechtenstein Zweiter Weltkrieg</subfield>
   <subfield code="c">Esther Tisa Francini</subfield>
  </datafield>
  <datafield tag="264" ind1=" " ind2="1">
   <subfield code="a">Zürich</subfield>
   <subfield code="b">Chronos</subfield>
   <subfield code="c">2005</subfield>
  </datafield>
  <datafield tag="264" ind1=" " ind2="1">
   <subfield code="a">Vaduz</subfield>
   <subfield code="b">Historischer Verein für das Fürstentum Liechtenstein (HVFL)</subfield>
   <subfield code="c">2005</subfield>
  </datafield>
  <datafield tag="300" ind1=" " ind2=" ">
   <subfield code="a">296 S.</subfield>
   <subfield code="c">graph. Darst., Tab.</subfield>
  </datafield>
  <datafield tag="336" ind1=" " ind2=" ">
   <subfield code="a">Text</subfield>
   <subfield code="b">txt</subfield>
   <subfield code="2">rdacontent</subfield>
  </datafield>
  <datafield tag="337" ind1=" " ind2=" ">
   <subfield code="a">ohne Hilfsmittel zu benutzen</subfield>
   <subfield code="b">n</subfield>
   <subfield code="2">rdamedia</subfield>
  </datafield>
  <datafield tag="338" ind1=" " ind2=" ">
   <subfield code="a">Band</subfield>
   <subfield code="b">nc</subfield>
   <subfield code="2">rdacarrier</subfield>
  </datafield>
  <datafield tag="490" ind1="1" ind2=" ">
   <subfield code="a">Veröffentlichungen der Unabhängigen Historikerkommission Liechtenstein Zweiter Weltkrieg (UHK)</subfield>
   <subfield code="v">Studie 4</subfield>
  </datafield>
  <datafield tag="583" ind1="1" ind2=" ">
   <subfield code="a">Archivierung/Langzeitarchivierung gewährleistet</subfield>
   <subfield code="f">SSG</subfield>
   <subfield code="x">XA-DE-BW</subfield>
   <subfield code="2">pdager</subfield>
   <subfield code="5">DE-16</subfield>
  </datafield>
  <datafield tag="689" ind1="0" ind2="0">
   <subfield code="d">g</subfield>
   <subfield code="0">(DE-588)4035665-6</subfield>
   <subfield code="0">(DE-627)106246526</subfield>
   <subfield code="0">(DE-576)209013966</subfield>
   <subfield code="a">Liechtenstein</subfield>
   <subfield code="2">gnd</subfield>
  </datafield>
  <datafield tag="689" ind1="0" ind2="1">
   <subfield code="d">s</subfield>
   <subfield code="0">(DE-588)4120630-7</subfield>
   <subfield code="0">(DE-627)105775134</subfield>
   <subfield code="0">(DE-576)20953673X</subfield>
   <subfield code="a">Kunstmarkt</subfield>
   <subfield code="2">gnd</subfield>
  </datafield>
  <datafield tag="689" ind1="0" ind2="2">
   <subfield code="d">s</subfield>
   <subfield code="0">(DE-588)4041316-0</subfield>
   <subfield code="0">(DE-627)106219685</subfield>
   <subfield code="0">(DE-576)209044454</subfield>
   <subfield code="a">Nationalsozialismus</subfield>
   <subfield code="2">gnd</subfield>
  </datafield>
  <datafield tag="689" ind1="0" ind2="3">
   <subfield code="d">s</subfield>
   <subfield code="0">(DE-588)4128844-0</subfield>
   <subfield code="0">(DE-627)105714259</subfield>
   <subfield code="0">(DE-576)209605545</subfield>
   <subfield code="a">Sammlung</subfield>
   <subfield code="2">gnd</subfield>
  </datafield>
  <datafield tag="689" ind1="0" ind2="4">
   <subfield code="a">z</subfield>
   <subfield code="2">gnd</subfield>
   <subfield code="a">Geschichte 1933-1945</subfield>
  </datafield>
  <datafield tag="689" ind1="0" ind2=" ">
   <subfield code="5">DE-101</subfield>
  </datafield>
  <datafield tag="689" ind1="1" ind2="0">
   <subfield code="d">g</subfield>
   <subfield code="0">(DE-588)4035665-6</subfield>
   <subfield code="0">(DE-627)106246526</subfield>
   <subfield code="0">(DE-576)209013966</subfield>
   <subfield code="a">Liechtenstein</subfield>
   <subfield code="2">gnd</subfield>
  </datafield>
  <datafield tag="689" ind1="1" ind2="1">
   <subfield code="d">s</subfield>
   <subfield code="0">(DE-588)4120630-7</subfield>
   <subfield code="0">(DE-627)105775134</subfield>
   <subfield code="0">(DE-576)20953673X</subfield>
   <subfield code="a">Kunstmarkt</subfield>
   <subfield code="2">gnd</subfield>
  </datafield>
  <datafield tag="689" ind1="1" ind2="2">
   <subfield code="a">z</subfield>
   <subfield code="2">gnd</subfield>
   <subfield code="a">Geschichte 1933-1945</subfield>
  </datafield>
  <datafield tag="689" ind1="1" ind2=" ">
   <subfield code="5">(DE-627)</subfield>
  </datafield>
  <datafield tag="787" ind1="0" ind2="8">
   <subfield code="i">Rezension</subfield>
   <subfield code="a">Zur Mühlen, Ilse von, 1962 - </subfield>
   <subfield code="t">Beim kleinen Nachbarn</subfield>
   <subfield code="d">2006</subfield>
   <subfield code="w">(DE-627)152303713X</subfield>
   <subfield code="w">(DE-576)453037135</subfield>
  </datafield>
  <datafield tag="810" ind1="2" ind2=" ">
   <subfield code="a">Unabhängige Historikerkommission Liechtenstein Zweiter Weltkrieg</subfield>
   <subfield code="t">Veröffentlichungen der Unabhängigen Historikerkommission Liechtenstein Zweiter Weltkrieg (UHK)</subfield>
   <subfield code="v">4</subfield>
   <subfield code="9">4.2005</subfield>
   <subfield code="w">(DE-627)1320122876</subfield>
   <subfield code="w">(DE-576)250122871</subfield>
   <subfield code="7">nm</subfield>
  </datafield>
  <datafield tag="951" ind1=" " ind2=" ">
   <subfield code="a">MV</subfield>
  </datafield>
  <datafield tag="990" ind1=" " ind2=" ">
   <subfield code="a">Liechtenstein</subfield>
  </datafield>
  <datafield tag="990" ind1=" " ind2=" ">
   <subfield code="a">Kunstmarkt</subfield>
  </datafield>
  <datafield tag="990" ind1=" " ind2=" ">
   <subfield code="a">Nationalsozialismus</subfield>
  </datafield>
  <datafield tag="990" ind1=" " ind2=" ">
   <subfield code="a">Sammlung</subfield>
  </datafield>
  <datafield tag="990" ind1=" " ind2=" ">
   <subfield code="a">Geschichte 1933-1945</subfield>
  </datafield>
  <datafield tag="990" ind1=" " ind2=" ">
   <subfield code="a">Liechtenstein</subfield>
  </datafield>
  <datafield tag="990" ind1=" " ind2=" ">
   <subfield code="a">Kunstmarkt</subfield>
  </datafield>
  <datafield tag="990" ind1=" " ind2=" ">
   <subfield code="a">Geschichte 1933-1945</subfield>
  </datafield>
  <datafield tag="991" ind1=" " ind2=" ">
   <subfield code="a">Rezensiertes Werk</subfield>
  </datafield>
  <datafield tag="999" ind1=" " ind2=" ">
   <subfield code="a">KXP-PPN1324726679</subfield>
   <subfield code="e">4149090637</subfield>
  </datafield>
 </record>
</collection>
